| 000 | 00522nam a2200181Ia 4500 | ||
|---|---|---|---|
| 999 |
_c1631 _d1631 |
||
| 003 | OSt | ||
| 005 | 20201001120532.0 | ||
| 008 | 190216s9999||||xx |||||||||||||| ||und|| | ||
| 020 | _a9788121927642 | ||
| 040 | _coclc | ||
| 082 |
_a333.7 _bAST/T |
||
| 100 |
_aAsthana, D K _95267 |
||
| 245 | 0 |
_aA Textbook Of Environmental Studies / _cD K Asthana ; Meera Asthana |
|
| 260 |
_bS Chand & Co, _aNew Delhi: _c2006. |
||
| 300 | _a460p | ||
| 650 | _aBotany | ||
| 942 |
_cBK _2ddc _h333.7 _iAST/T _k333.7 _mAST/T |
||